[Event "SVK-chT2B 2122"]
[Site "Slovakia"]
[Date "2022.04.30"]
[Round "10.7"]
[White "Masarik, Pavol"]
[Black "Latika, Csaba"]
[Result "0-1"]
[WhiteElo "1558"]
[BlackElo "1601"]
[PlyCount "24"]
[EventDate "2021.10.16"]
[EventType "team-tourn"]
[EventRounds "11"]
[EventCountry "SVK"]
[SourceTitle "EXT 2023"]
[Source "ChessBase"]
[SourceDate "2022.10.05"]
[SourceVersion "1"]
[SourceVersionDate "2022.10.05"]
[SourceQuality "1"]
[WhiteTeam "Prievidza"]
[BlackTeam "Levice"]
[WhiteTeamCountry "SVK"]
[BlackTeamCountry "SVK"]

1. e4 d5 2. exd5 Qxd5 3. Nc3 Qd6 4. d4 Nf6 5. Nb5 Qb6 6. d5 a6 7. Be3 c5 8. Na3 Qxb2 9. Nc4 Qc3+ 10. Bd2 Qd4 11. Nb6 Ne4 12. Be3 Qb4+ 0-1